000 00585nam a2200193 a 4500
001 000040783
005 20201002034357.0
008 130906s2012 sp 001 0 spa d
020 _a9788498355239
040 _aDO-SdBNP
_bspa
_cBNPHU
100 1 _aGarcía-Gil, D.
_967198
245 1 0 _aTerapéutica Médica en Urgencias :
_b2012-2013 /
_cD. García Gil, J. Mensa, B. Dominguez.
250 _a3a. ed.
260 _aMadrid :
_bMédica Panamericana,
_c2012.
300 _a558 p. ;
_c16 cm.
500 _aIncluye índice
700 1 _aMensa, J.
_967199
700 1 _aDominguez, B.
_967200
999 _c40273
_d40273